LOS PRESOCRÁTICOS : (Registro nro. 60267)
[ vista simple ]
| 000 -LEADER | |
|---|---|
| fixed length control field | 00719nam a2200193 a 4500 |
| 001 - CONTROL NUMBER | |
| control field | 60267 |
| 005 - DATE AND TIME OF LATEST TRANSACTION | |
| control field | 20180714061447.0 |
| 008 - FIXED-LENGTH DATA ELEMENTS--GENERAL INFORMATION | |
| fixed length control field | 140415s2003 mx 000 0 spa d |
| 020 ## - INTERNATIONAL STANDARD BOOK NUMBER | |
| International Standard Book Number | 9688631256 |
| 041 ## - LANGUAGE CODE | |
| Language code of text/sound track or separate title | spa |
| 082 0# - DEWEY DECIMAL CLASSIFICATION NUMBER | |
| Classification number | 182 |
| Item number | ALT |
| 100 1# - MAIN ENTRY--PERSONAL NAME | |
| Personal name | ALTIERI MEGALE, ANGELO |
| 245 14 - TITLE STATEMENT | |
| Title | LOS PRESOCRÁTICOS : |
| Remainder of title | INTENTO DE RECONSTRUCCIÓN DE LA FILOSOFÍA PRESOCRÁTICA A TRAVÉS DE LOS FRAGMENTOS Y LOS TESTIMONIOS ADECUADAMENTE SELECCIONADOS, RECOPILADOS Y ELABORADOS. |
| 250 ## - EDITION STATEMENT | |
| Edition statement | 2a ed. |
| 260 ## - PUBLICATION, DISTRIBUTION, ETC. | |
| Place of publication, distribution, etc. | MÉXICO : |
| Name of publisher, distributor, etc. | BENEMÉRITA UNIVERSIDAD AUTÓNOMA DE PUEBLA, |
| Date of publication, distribution, etc. | 2003,. |
| 300 ## - PHYSICAL DESCRIPTION | |
| Extent | XCIV, 210 ; |
| Dimensions | 210. |
| 490 0# - SERIES STATEMENT | |
| Series statement | TEXTOS UAP |
| 650 14 - SUBJECT ADDED ENTRY--TOPICAL TERM | |
| Topical term or geographic name entry element | SOFISTAS (FILOSOFA) |
| General subdivision | FILOSOFA CLSICA |
| -- | FILSOFOS GRIEGOS |
| Withdrawn status | Lost status | Source of classification or shelving scheme | Damaged status | Not for loan | Collection code | Home library | Current library | Shelving location | Date acquired | Source of acquisition | Inventory number | Total Checkouts | Full call number | Barcode | Date last seen | Date last checked out | Price effective from | Koha item type |
|---|---|---|---|---|---|---|---|---|---|---|---|---|---|---|---|---|---|---|
| Dewey Decimal Classification | General | Biblioteca Karol Wojtyla | Biblioteca Karol Wojtyla | Sala general | 03/12/2013 | Compra | 151000000000000000018651 | 182 ALT 2003 | 90815 | 30/08/2016 | 30/08/2016 | 04/02/2016 | Libro | |||||
| Dewey Decimal Classification | General | Biblioteca Karol Wojtyla | Biblioteca Karol Wojtyla | Sala general | 16/02/2015 | Compra | 151000000000000000062838 | 1 | 182 ALT 2003 | 85517 | 05/01/2026 | 11/05/2019 | 16/02/2015 | Libro |